Nutritional requirements and manurial recommendations (Record no. 48729)

MARC details
000 -LEADER
fixed length control field 00606nam a2200169Ia 4500
100 ## - MAIN ENTRY--AUTHOR NAME
Personal name Pushpadas M.V.
245 #0 - TITLE STATEMENT
Title Nutritional requirements and manurial recommendations
260 ## - PUBLICATION, DISTRIBUTION, ETC. (IMPRINT)
Name of publisher In: Handbook of natural rubber production in India. (Ed. P.N. Radhakrishna Pillay). Rubber Research Institute of India, Kottayam, India, pp. 159-185.
Year of publication 1980
650 ## - SUBJECT ADDED ENTRY--TOPICAL TERM
Topical Term Fertilizer application
650 ## - SUBJECT ADDED ENTRY--TOPICAL TERM
Topical Term Fertilizer recommendation
650 ## - SUBJECT ADDED ENTRY--TOPICAL TERM
Topical Term Macronutrient
650 ## - SUBJECT ADDED ENTRY--TOPICAL TERM
Topical Term Nutrient deficiency
650 ## - SUBJECT ADDED ENTRY--TOPICAL TERM
Topical Term Nutrient uptake
700 ## - ADDED ENTRY--PERSONAL NAME
Personal name Ahammed M.
942 ## - ADDED ENTRY ELEMENTS (KOHA)
Koha item type Bibliography STAF
Holdings
Withdrawn status Lost status Damaged status Not for loan Home library Current library Shelving location Date acquired Koha item type
      Bibliography RRII Library RRII Library Agronomy 09/04/2014 Bibliography STAF